Kernel exploitation

Salvato in:
Dettagli Bibliografici
Autore principale: Hrebeňárová, Kristína (Autore)
Altri autori: Švec, Peter (Relatore della tesi)
Natura: Manoscritto Libro
Lingua:slovacco
inglese
Pubblicazione: Bratislava : STU v Bratislave FEI, 2022
Soggetti:
Accesso online:https://opac.crzp.sk/?fn=detailBiblioFormChildKEBPP&sid=A3900C45A119566172F3F89915B9&seo=CRZP-detail-kniha
Tags: Aggiungi Tag
Nessun Tag, puoi essere il primo ad aggiungerne!!

MARC

LEADER 00000ntm a22000003a 4500
001 stuzp88788
003 SK-STU
005 20230323103204.4
007 ta
008 150427s2015----xo-----f-mn---000-0-slo-d
040 |a STU  |b slo 
041 0 |a eng 
044 |a xo 
100 1 |a Hrebeňárová, Kristína  |u 035000  |4 aut  |U FEI Fakulta elektrotechniky a informatiky  |T FEI Ústav informatiky a matematiky  |X 102951  |U E050  |Y 816  |7 102951 
242 0 1 |a Exploitácia jadra operačného systému  |y slo 
245 1 0 |a Kernel exploitation 
260 |a Bratislava :  |b STU v Bratislave FEI,  |c 2022 
300 |a 74 s., príl. 
650 4 |a jadro  |2 slo 
650 4 |a exploitácia  |2 slo 
650 4 |a pamäťové zraniteľnosti  |2 slo 
650 4 |a buffer overflow  |2 slo 
650 4 |a kernel  |2 eng 
650 4 |a memory corruption vulnerabilities  |2 eng 
650 4 |a stack-based buffer overflow  |2 eng 
650 4 |a exploitation  |2 eng 
700 1 |a Švec, Peter  |u 035000  |k Z3  |4 ths  |U FEI Fakulta elektrotechniky a informatiky  |T FEI Ústav informatiky a matematiky  |X 8381  |U E050  |Y 816  |7 8381 
856 4 |u https://opac.crzp.sk/?fn=detailBiblioFormChildKEBPP&sid=A3900C45A119566172F3F89915B9&seo=CRZP-detail-kniha